000 00386pab a2200145 454500
008 180718b1989 xxu||||| |||| 00| 0 eng d
100 _aCanton, David T.
245 _aThe institutionalisation of leadership in the U.S. Congress
260 _c1989
300 _a415-43
362 _aAug.
650 _aLegislators - U.S.A.
773 _aLegislative Studies Quarterly
909 _a12525
999 _c12525
_d12525